000 00258nam a22001217a 4500
003 SGT
082 _a617.3
_bC76S
100 _aShane, John M.
245 _aClinical Symposia
_bInferile Couple
260 _bC.I.B.A.
_c1976
300 _a40
942 _2ddc
_cRARE
999 _c33144
_d33144